| 000 | 00540nam a2200169Ia 4500 | ||
|---|---|---|---|
| 999 |
_c36049 _d36049 |
||
| 003 | OSt | ||
| 005 | 20201207104513.0 | ||
| 008 | 190216s9999||||xx |||||||||||||| ||und|| | ||
| 040 | _coclc | ||
| 082 |
_a027.047 _bKOD/N |
||
| 100 |
_aKodiyan, Cicily _97236 |
||
| 245 | 0 |
_aNadezhda K Krupskaya And Library Development In USSR / _cCicily Kodiyan |
|
| 260 |
_bCultural Publishing House, _c1989. _aNew Delhi: |
||
| 300 | _a89p | ||
| 650 | _aGeneral Collections | ||
| 942 |
_cREF _2ddc _h027.047 _i027.047 _k027.047 _m027.047 |
||